000 00416nam a22001457a 4500
999 _c8175
_d8176
008 190724b ||||| |||| 00| 0 eng d
020 _a0071363882
082 _a808 KAL
100 _aKalbfeld, Brad
245 _aAssociated Press broadcast news handbook
260 _aNew York :
_bMcGraw-Hill,
_c2001
300 _a 476 p. ;
_c24 cm.
650 _a Journalism--Style manuals. Broadcast journalism.
942 _2ddc